RULES OF THE GAME DISCOVER LEARN INVENT (Record no. 31755)

MARC details
000 -LEADER
fixed length control field 00342nam a2200133Ia 4500
008 - FIXED-LENGTH DATA ELEMENTS--GENERAL INFORMATION
fixed length control field 240624s9999 xx 000 0 und d
041 ## - LANGUAGE CODE
Language code of text/sound track or separate title eng
082 ## - DEWEY DECIMAL CLASSIFICATION NUMBER
Classification number 828 CHO
100 ## - MAIN ENTRY--PERSONAL NAME
Personal name CHOWDHURY SUMIT D
245 ## - TITLE STATEMENT
Title RULES OF THE GAME DISCOVER LEARN INVENT
260 ## - PUBLICATION, DISTRIBUTION, ETC.
Date of publication, distribution, etc. 2014
Place of publication, distribution, etc. New Delhi
Name of publisher, distributor, etc. Bloomsbury
300 ## - PHYSICAL DESCRIPTION
Extent xix, 226 p.; 23 cm.
365 ## - TRADE PRICE
Currency code RS
Holdings
Withdrawn status Lost status Damaged status Not for loan Home library Current library Shelving location Date acquired Cost, normal purchase price Full call number Barcode Date last seen Price effective from Koha item type
        IMTN IMTN Rack 42-A 05/15/2019 399.00 828 CHO 31755 06/24/2024 06/24/2024 Books
Designed & Maintained by: LRC IMT Nagpur Contact: lrc@imtnag.ac.in© 2024. All Rights Reserved.